US states currently in a drought - Statistics

General Stats
  • This quiz has been taken 31 times
  • The average score is 17 of 20
Answer Stats
Hint Answer % Correct
59.9% California
100%
58.7% Idaho
96%
50.7% Montana
96%
76.9% Arizona
92%
71.2% Nevada
92%
69.8% New Mexico
92%
58.2% Oregon
92%
53.8% Texas
92%
66.7% Utah
92%
41.5% Washington
92%
59.1% Wyoming
92%
59% Colorado
88%
48.8% Kansas
88%
49.7% Nebraska
88%
43.7% North Dakota
84%
48% Oklahoma
84%
45.5% South Dakota
84%
56.2% Hawaii
60%
49.4% Georgia
36%
48.3% South Carolina
36%
No matching quizzes found
Score Distribution
Percent of People with Each Score
Percentile by Number Answered
Your Score History
You have not taken this quiz